Pays du monde commençant par T - Avec carte - Statistiques

Statistiques générales
  • Ce quiz a été pris 2 336 fois
  • Le résultat moyen est 10 sur 13
Réponses sur la Carte
Les réponses sont colorées sur une échelle allant du rouge au vert en fonction du pourcentage des utilisateurs qui les ont devinées à leur premier essai. Vous pouvez retrouver ces pourcentages ci-dessous.
 
Statistiques - réponses
Continent Pays % Correct
Asie Turquie
89%
Asie Thaïlande
88%
Afrique Togo
87%
Asie Turkménistan
87%
Afrique Tanzanie
84%
Asie Tadjikistan
83%
Afrique Tunisie
82%
Océanie Tuvalu
77%
Océanie Tonga
74%
Amérique du Nord Trinité-et-Tobago
73%
Asie Taïwan
72%
Afrique Tchad
68%
Asie Timor Oriental
64%
Aucun quiz correspondant
Distribution des résultats
% des personnes avec chaque résultat
Percentile par nombre de réponses
Votre historique - résultats
Vous n’avez pas pris ce quiz